000 00283cam a2200109ua 4500
082 _a821
_bTHO/CO
100 _aThomson, James .
_91838
245 _aComplete Poetical Works of James Thomson /
260 _aLondon :
_bOxford University Press ,
_c1963.
300 _a516 ; .
942 _cBK
999 _c852
_d852